IPL Winners - Statistics

General Stats
  • This quiz has been taken 945 times
    606 since last reset
  • The average score is 14 of 15
Answer Stats
Year Team % Correct
2018 Chennai Super Kings
99%
2021 Chennai Super Kings
99%
2013 Mumbai Indians
98%
2015 Mumbai Indians
98%
2017 Mumbai Indians
98%
2019 Mumbai Indians
98%
2020 Mumbai Indians
98%
2012 Kolkata Knight Riders
95%
2008 Rajasthan Royals
94%
2016 Sunrisers Hyderabad
91%
2022 Gujarat Titans
85%
2009 Deccan Chargers
84%
2010 Chennai Super Kings
82%
2011 Chennai Super Kings
82%
2014 Kolkata Knight Riders
79%
No matching quizzes found
Score Distribution
Percent of People with Each Score
Percentile by Number Answered
Your Score History
You have not taken this quiz since the last reset